Návrh hybridnej technológie na produkciu 2-fenyletanolu

Na minha lista:
Detalhes bibliográficos
Autor principal: Sabela, Július (Author)
Outros Autores: Markoš, Jozef (Thesis advisor)
Formato: Manuscrito Livro
Idioma:eslovaco
Publicado em: 2024
Assuntos:
Acesso em linha:http://is.stuba.sk/zp/portal_zp.pl?podrobnosti=169518
Tags: Adicionar Tag
Sem tags, seja o primeiro a adicionar uma tag!

MARC

LEADER 00000ntm a22000003a 4500
001 stuzp94280
003 SK-STU
005 20240601210230.1
007 ta
008 150427s2015----xo-----f-mn---000-0-slo-d
040 |a STU  |b slo 
041 0 |a slo 
100 1 |a Sabela, Július  |u 046230  |4 aut  |U FCHPT Ústav chemického a environmentálneho inžinierstva  |T FCHPT Oddelenie chemického a biochemického inžinierstva  |X 97310  |U C6230  |Y 119  |7 97310 
242 0 1 |a Design of hybrid technology for 2-phenylethanol production  |y eng 
245 1 0 |a Návrh hybridnej technológie na produkciu 2-fenyletanolu 
260 |c 2024 
650 4 |a hybridný systém  |2 slo 
650 4 |a 2-fenyletanol  |2 slo 
650 4 |a pertrakcia  |2 slo 
650 4 |a adsorpcia  |2 slo 
650 4 |a pertraction  |2 eng 
650 4 |a 2-phenylethanol  |2 eng 
650 4 |a adsorption  |2 eng 
650 4 |a hybrid system  |2 eng 
700 1 |a Markoš, Jozef  |u 046230  |k Z1  |4 ths  |U FCHPT Ústav chemického a environmentálneho inžinierstva  |T FCHPT Oddelenie chemického a biochemického inžinierstva  |X 3883  |U C6230  |Y 119  |7 A000003883 
856 4 |u http://is.stuba.sk/zp/portal_zp.pl?podrobnosti=169518